000
00298nam a22001217a 4500
008
230620b xxu||||| |||| 00| 0 eng d
082
_a
320.4
_b
LIV
110
_b
The British Council
245
_a
Democracy in Britain
260
_a
UK
_b
Blackwell Publishers
_c
1994
300
_a
344p
942
_2
ddc
_c
BK
999
_c
1540
_d
1540